000 00839nmc a2200289 a 4500
003 AR-BaBNM
005 20251128205730.0
008 011101n ||||||||||||||000 | spa||
020 _a950-506-108-0
040 _cAR-BaBNM
100 1 _aReisz de Rivarola, Susana
245 1 0 _aTeoría y análisis del texto literario
250 _a1ª ed.
260 _aBuenos Aires
_bLibrería Hachette
_c1989
300 _a362 p.
_bgráfs.
490 0 _aHachette universidad. Lengua - Lingüística - Comunicación
500 _aContiene referencias bibliográficas en p. 355
650 4 _aTEORIA LITERARIA
650 4 _aCRITICA LITERARIA
650 4 _aESCRITORES
650 4 _aANALISIS LITERARIO
653 _aANALISIS DEL DISCURSO
655 _aLITERATURA
800 1 _aArnoux, Elvira
_edirector
942 _cBK
998 _cMARTIN
999 _c12601
_d12601